"Big Five" European Football Clubs that Won Most Championships - Statistics

General Stats
  • This quiz has been taken 99 times
  • The average score is 13 of 13
Answer Stats
Titles Last Country Club % Correct
19 2022 Italy AC Milan
100%
34 2025 Germany Bayern Munich
100%
28 2025 Spain FC Barcelona
100%
36 2020 Italy Juventus
100%
20 2025 England Liverpool
100%
20 2013 England Manchester United
100%
13 2025 France Paris Saint-Germain
100%
13 2004 England Arsenal
99%
20 2024 Italy Inter Milan
99%
10 2024 England Manchester City
99%
36 2024 Spain Real Madrid
99%
11 2021 Spain Atletico Madrid
97%
10 1981 France Saint-Etienne
69%
No matching quizzes found
Score Distribution
Percent of People with Each Score
Percentile by Number Answered
Your Score History
You have not taken this quiz